000 01057nam a2200313 i 4500
001 7833
003 KOSZ 005
005 20221128144023.0
008 070620s1969 pl a f 000 0 pol
015 _aPB 1969/1724
040 _aWA N
_cWA N
_dKOSZ 005/RW
_dKOSZ 005/HR
046 _k1969
080 _a005
080 _a316
245 0 0 _aSocjologia kierownictwa :
_bpraca zbiorowa /
_cpod red. Aleksandra Matejki.
260 _aWarszawa :
_bPaństwowe Wydawnictwo Ekonomiczne,
_c1969.
300 _a415, [1] s., [1] k. tabl. :
_bil., err. ;
_c23 cm.
380 _aKsiążki.
388 _a1901-2000
504 _aBibliogr. s. [409]-415.
658 _aZarządzanie i marketing
658 _aSocjologia i społeczeństwo
650 4 _aSocjologia
650 4 _aZarządzanie
710 2 _aPaństwowe Wydawnictwo Ekonomiczne
_4pbl.
700 1 _aMatejko, Aleksander
_d(1924-1999)
_eRedakcja
856 _uhttp://koha.tu.koszalin.pl/cgi-bin/koha/opac-detail.pl?biblionumber=7833
_yKatalog online BPK
942 _2UKD
_cKS
999 _c7833
_d7833